000 00546ntaaa2200181 4500
003 01
005 20251027202003.0
008 0714s1973 ag 01
040 _aAR-BaBN
_bspa
_cAR-BaBN
_eaacr
_dRIC
082 _a260.0000 Si5
100 _aSimpson, A. B.
_9976
245 _aIglesia Apostólica
250 _a3 ed. :
_bEditorial Alianza,
_cn.f.
300 _a147 p.
500 _ala 1o. epístola a los Corintios y su enseñanza sobre la iglesia, su unidad, pureza, disciplina, gobierno, vida, etc.
650 _aCorintios I
_94517
942 _cBK
999 _c14607
_d14607